00421ntaaa2200157 45000030003000000050017000030080021000200400037000410820017000781000032000952450037001272500010001642600062001743000010002366500017002460120251027202755.00714s1973 ag 01  aAR-BaBNbspacAR-BaBNeaacrdRIC a808.5000 M48 aMelián Laíño, Alvaro  aLa oratoria Argentina, 1810-1910 a1 ed. aBuenos Aires : bEdiciones Culturales Argentinas, cc1963 a193 p ahomilética